| 000 | 00583nam a2200193 i 4500 | ||
|---|---|---|---|
| 001 | bg | ||
| 100 | 1 | _aGAVRILOV, A. N. | |
| 245 | 0 |
_aTechnologija magnitnych elementov dlja priborov, sredstv avtomatiki i vycislitelnoj techniki / _cA. N. Gavrilov, V. Ju. Ciżikov. |
|
| 260 |
_aMoskva : _b"Energija", _c1975. |
||
| 300 |
_as. 230, nlb. 1 : _brys. |
||
| 500 | _a[Alf. ros.]. | ||
| 504 | _a[Zawiera bibliogr. s. 224-229]. | ||
| 700 | 1 | _aCIŻIKOV, V. Ju. | |
| 040 | _cBPK | ||
| 041 | _apol | ||
| 080 | _a621.318:681.3 | ||
| 942 | _cKS | ||
| 008 | s pl f |000 0 pol | ||
| 999 |
_c26770 _d26770 |
||
| 856 |
_uhttp://koha.tu.koszalin.pl/cgi-bin/koha/opac-detail.pl?biblionumber=26770 _yKatalog online BPK |
||